000 01001nam a22002657a 4500
001 BR7602888
003 BR-BrBNA
005 20230928085001.0
007 ta
008 230509b bl.||||| |||| 00| 0 por d
040 _aBR-BrBNA
_bpor
_cBiblioteca Nacional de Agricultura
041 _a(Por)
072 _aL72
_b4030
_b/G514
090 _ 4030 BR7602888
100 1 _aConfalonieri, U.E.C.
110 1 _aUniversidade Federal Rural do Rio de Janeiro, Itaguai (Brasil)
_0Tese (Magister Scientiae)
_911225
245 1 _aSobre a familia Spinturnicidae oudemans, 1902 e seus hospedeiros no Brasil, com um estudo biometrico de Periglischrus iheringi oudemans, 1902 e Periglischrus ojastii Machado - Allison, 1964 (Arthropoda: Acari: Mesostigmata)
260 3 _aItaguai, RJ (Brasil):
_c1976.
300 _a75 p.
500 _a10 tables; 23 illus.; 8 graphs; 39 ref.; Summaries (Eng, Por)
650 _aAcaro
650 _aParasito de animal
909 _a202309
_bLucia
_c55
_dLucia Elande
942 _cBK
999 _c22256
_d22256